Capitalizar la deuda, una solución de alto costo
Analiza la problemática de la deuda externa en Latinoamérica y las medidas tomadas para disminuir los montos de los compromisos financieros, como la política de capitalización de la deuda, la cual fue puesta en práctica por Brasil, primero, y luego por otros países como Chile, Argentina y México, qu...
Guardat en:
| Format: | Text |
|---|---|
| Matèries: | |
| Etiquetes: |
Afegir etiqueta
Sense etiquetes, Sigues el primer a etiquetar aquest registre!
|
MARC
| LEADER | 00000 a a2200000 04500 | ||
|---|---|---|---|
| 001 | 9108 | ||
| 003 | |||
| 040 | |||
| 245 | |a Capitalizar la deuda, una solución de alto costo | ||
| 520 | |a Analiza la problemática de la deuda externa en Latinoamérica y las medidas tomadas para disminuir los montos de los compromisos financieros, como la política de capitalización de la deuda, la cual fue puesta en práctica por Brasil, primero, y luego por otros países como Chile, Argentina y México, que obtuvieron buenos resultados en cuanto a la disminución de la deuda. Sin embargo, la capitalización tiene efectos negativos como no controlar la variable que el sistema financiero atribuye a la impagabilidad de la deuda externa. En el artículo se menciona la VII Conferencia de las Naciones Unidas para el Comercio y el Desarrollo (UNCTAD), donde se promueven soluciones equilibradas a la crisis de endeudamiento |a además se explia la situación de Argentina. LOB/mb | ||
| 650 | |a DEUDA EXTERNA | ||
| 650 | |a INVERSIONES EXTRANJERAS | ||
| 650 | |a FMI | ||
| 650 | |a EXPORTACIONES | ||
| 650 | |a PAISES EN DESARROLLO | ||
| 650 | |a BALANZA DE PAGOS | ||
| 650 | |a PAISES DESARROLLADOS | ||
| 650 | |a CREDITO A LAS EXPORTACIONES | ||
| 650 | |a BID | ||
| 650 | |a DERECHOS HUMANOS | ||
| 773 | |g número 5; páginas 63-64 | ||
| 999 | |c 31585 |d 31585 | ||
